000 00292nam a2200109Ia 4500
008 200302s9999 xx 000 0 und d
100 _aK.S.Elliott & Others
245 _aPrecast Concrete Frame Builders - Design Guide
260 _bBritish Cement Association
260 _c1992
300 _a88 P
999 _c4810
_d4810